Trece casos misteriosos

Guardat en:
Dades bibliogràfiques
Autors principals: Balcells, Jacqueline (Autor), Güiraldes, Ana María (Autor)
Format: Llibre
Idioma:espanyol
Publicat: Santiago Andrés Bello 2000
Edició:9a. ed
Col·lecció:Colección Andrés Bello, 95
Matèries:
Etiquetes: Afegir etiqueta
Sense etiquetes, Sigues el primer a etiquetar aquest registre!

MARC

LEADER 00000nam a2200000 a 4500
001 UCH6081
003 CL-VaPUC
008 091109e20000000CL |||||||||||||||||spa|d
020 |a 9561308924 
082 0 4 |a Ch863  |b BAL  |2 21 
100 0 |a Balcells, Jacqueline  |e author  |9 542455 
700 |a Güiraldes, Ana María  |e author  |9 571895 
245 1 0 |a Trece casos misteriosos 
250 |a 9a. ed 
300 |a 123 p 
942 |c BK 
945 |d 20091109 00:00:00  |a ccalabra 
260 |a Santiago  |b Andrés Bello  |c 2000 
650 0 |a Literatura  |9 259151 
650 0 |a Literatura chilena   |9 308278 
650 0 |a Novelas chilenas   |9 265425 
650 0 |a Escritores chilenos   |9 420370 
650 0 |a Narrativa  |9 336727 
650 0 |a Ficción   |9 376687 
650 0 |a Lectura  |9 307634 
651 7 |a CHILE  |2 CL-VaPUC  |9 542457 
583 |a last modification  |c 20091109 00:00:00  |k Rodrigo Vera 
490 0 |a Colección Andrés Bello, 95 
999 |c 337041  |d 337039